000 01065nam a2200325 i 4500
001 000017857
003 DO-SdBNP
005 20231010140756.0
007 ta
008 100406s2005 dr c 000 0 spa d
020 _a999342272X
040 _aDO-SdBNP
_bspa
_cBNPHU
_erda
049 _aBNPD
082 4 _a923.7
_bH542m
_222
100 1 _aHeredia, Zoraida,
_917425
_eautora
245 1 0 _aMaestras y maestros dominicanos del siglo XX /
_cZoraida Heredia.
264 1 _aSanto Domingo :
_bFundación Consuelo Pepín,
_c2005.
300 _a214 páginas :
_bretratos;
_c23 cm.
336 _2rdacontent
_atexto
_btxt
337 _2rdamedia
_asin mediación
_bn
338 _2rdacarrier
_avolumen
_bnc
500 _aIncluye notas al píe de las páginas
500 _aLa biblioteca posee el volumen 2
504 _aBibliografía : p. 214
590 _aInventariado, 2023/BT
650 4 _aMaestros
_zRepública Dominicana
_xBiografías
_917426
650 4 _aPersonal docente
_zRepública Dominicana
_vBiografías
_917427
910 _aBtavárez
942 _2ddc
_cLBS1
999 _c17381
_d17381